Το νόμισμα στον αρχαίο ελληνικό κόσμο = Coins in the ancient Greek world
Αποθηκεύτηκε σε:
| Συγγραφή απο Οργανισμό/Αρχή: | |
|---|---|
| Άλλοι συγγραφείς: | , |
| Μορφή: | Βιβλίο |
| Γλώσσα: | Greek English |
| Δημοσίευση: |
Αθήνα :
Alpha Bank,
2012
|
| Θέματα: | |
| Ετικέτες: |
Προσθήκη ετικέτας
Δεν υπάρχουν, Καταχωρήστε ετικέτα πρώτοι!
|
MARC
| LEADER | 00000cam a2200000 i 4500 | ||
|---|---|---|---|
| 001 | 1/58434 | ||
| 008 | 141022s2012 gr | ||| |||| ||gre|| | ||
| 020 | |a 9789609979320 | ||
| 035 | |l 10119522 | ||
| 040 | |a GR-MY-UA |b gre |e aacr | ||
| 041 | 1 | |a gre |a eng | |
| 082 | 0 | |a 737.4938 |2 (23) | |
| 245 | 1 | 3 | |a Το νόμισμα στον αρχαίο ελληνικό κόσμο = |b Coins in the ancient Greek world / |c επιμέλεια: Δήμητρα Τσαγκάρη ; μετάφραση: Ντούμα Αλεξάνδρα |
| 260 | |a Αθήνα : |b Alpha Bank, |c 2012 | ||
| 300 | |a 33 σ. : |b χάρτ., εικ. ; |c 30 εκ. | ||
| 500 | |a Τα κείμενα είναι γραμμένα στην ελληνική και αγγλική γλώσσα αντικριστά στην ίδια σελίδα. | ||
| 650 | 0 | 0 | |a Coins, Greek |z Greece |x Exhibitions. |
| 650 | 0 | 0 | |a Coins, Ancient |z Greece. |
| 700 | 1 | |a Τσαγκάρη, Δήμητρα, |e edtf | |
| 700 | 1 | |a Ντούμα, Αλεξάνδρα, |e trlf | |
| 710 | 2 | |a Alpha Bank. | |
| 852 | |a INST |b RHODES |e 20141022 |h 737.4938 ΝΟΜ |p 005400037140 |q 005400037140 |t BK |y 0 | ||
| 901 | |a BIBL4-2014-3 | ||
| 909 | |a Ρ |b 183465 | ||
| 970 | |z 2014/10/22 | ||